Selektívne oxidácie priemyselne významných alkénov

Saved in:
Bibliographic Details
Main Author: Ladecký, Anton
Format: Software Book
Language:Slovak
Published: Bratislava STU FCHPT 2011
Online Access:View in OPAC
Tags: Add Tag
No Tags, Be the first to tag this record!

MARC

LEADER 00000nam a2200000 a 4500
005 20260127134101.0
007 co ugu macba
008 110919 2011 xo 000 0 slo d
035 |a vtls010311813 
039 9 |y 201109191137  |z mschk03 
040 |a STUSCHK1  |b slo  |c STUSCHK1  |e AACR2 
100 1 |a Ladecký, Anton 
245 1 |a Selektívne oxidácie priemyselne významných alkénov  |c Anton Ladecký 
260 |a Bratislava  |b STU FCHPT  |c 2011 
300 |a 1 elektronický disk 
500 |a Obháj.: 11.7. 2011 
500 |a Študijný program: chemické technológie 
500 |a Študijný odbor: 5.2.18 chemické technológie 
500 |a Bakalárska práca na CD-ROMe 
500 |a FCHPT, Oddelenie organickej technológie 
500 |a Evidenčné číslo: 5437-50961 
910 |a SCHK95 
999 |c 3673  |d 3673